'K' Pictures by Category Quiz Stats

 Plays Quiz Updated Jan 14, 2015

Challenge
Share
Tweet
Score 0/25 Timer 04:00
16 Plays Today
picture name % Correct
FoodKiwi Fruit
99.2%
OccupationsKing
98.2%
Kiss
97.8%
KFC
97.8%
VerbsKnock
96.5%
Knight
95.8%
Knit
95.2%
AnimalsKangaroo
95%
Koala
94%
Kneel
93%
Ketchup
91.7%
Kickboxer
90.5%
Kale
89.3%
picture name % Correct
Knead
88.4%
Kellogg's
87.2%
Key Lime Pie
86.3%
Keyboardist
84.9%
Kindergarten Teacher
82.2%
Kodak
79.9%
LogosK-Mart
78.4%
Komodo Dragon
68.7%
Koi
67.1%
Klondike
62.3%
Kumquat
56%
Kookaburra
48.3%

You're not logged in!

Compare scores with friends on all Sporcle quizzes.
Join for Free
OR
Log In

You Might Also Like...

Show Comments

Extras

Top Quizzes Today


Score Distribution

Your Account Isn't Verified!

In order to create a playlist on Sporcle, you need to verify the email address you used during registration. Go to your Sporcle Settings to finish the process.

Report this User

Report this user for behavior that violates our Community Guidelines.

Details: